|
|
|
|
| LEADER |
00000cam a2200000 a 4500 |
| 001 |
vtls001286535 |
| 003 |
SK-MaSNL |
| 005 |
20260301064840.0 |
| 008 |
250414s1997 xo a fr 10000 mul |
| 015 |
|
|
|a SNBA1997/0902444
|
| 020 |
|
|
|a 8023303864
|
| 035 |
|
|
|a SNK000238084
|
| 035 |
|
|
|a urn:nbn:sk:snk-amjr8b
|
| 035 |
|
|
|a urn:nbn:sk:snk:ar-a0crez
|
| 035 |
|
|
|a d03ca442-97fd-4fc6-b5a5-3d3006b58028
|
| 040 |
|
|
|a SNK
|b slo
|c SNK
|e AACR2
|
| 041 |
0 |
|
|a mul
|
| 044 |
|
|
|a xo
|c SK
|
| 080 |
|
|
|a 620.1(082)=00\
|2 1981
|
| 111 |
2 |
|
|a Medzinárodná škola defektoskopie
|n (7. :
|d 1997 :
|c Tatranská Štrba, Slovensko)
|4 aut
|9 78731
|
| 245 |
0 |
0 |
|a 7. medzinárodná škola defektoskopie
|b 22.-24. apríla 1997 Tatranská Štrba : zborník
|c [autori: kolektív]
|
| 246 |
1 |
3 |
|a Siedma medzinárodná škola defektoskopie
|
| 260 |
|
|
|a Bratislava
|b Dom techniky ZSVTS
|c 1997
|
| 300 |
|
|
|a 100 s.
|b fotogr., grafy, sch., tab.
|c 21 cm
|
| 500 |
|
|
|a Čiast. text angl., nem. a čes.
|
| 500 |
|
|
|a Údaj o aut. prevzatý z tiráže
|
| 504 |
|
|
|a Bibliogr. odkazy
|
| 650 |
0 |
7 |
|a defektoskopia
|x zborníky
|2 SNK
|9 290384
|
| 655 |
|
7 |
|a zborníky konferencií
|2 SNKPH
|9 70153
|
| 655 |
|
7 |
|a issue_zb
|2 SNK
|9 276493
|
| 852 |
|
|
|a Slovenská národná knižnica
|
| 919 |
|
|
|a 80-233-0386-4
|
| 954 |
|
|
|a odborná, vedecká literatúra pôvodná (slovenská)
|2 lita
|
| 954 |
|
|
|a odborná, vedecká literatúra cudzojazyčná (svetová)
|2 lita
|
| 958 |
|
|
|a OND
|
| 958 |
|
|
|a ART
|
| 958 |
|
|
|a TL
|
| 958 |
|
|
|a NB
|
| 958 |
|
|
|a EUIPO
|
| 999 |
|
|
|c 628461
|d 630391
|
| 952 |
|
|
|t P60, <09>, [BOOK], {629}
|a SNK
|b SNK
|y NEVYP
|7 0
|o snkC 1903
|i snk3758/970729
|0 0
|1 0
|4 0
|d 1997-05-16
|l 0
|r 2005-01-02 00:00:00
|w 2026-02-23
|
| 952 |
|
|
|t P60, <03>, [BOOK], {603}
|a SNK
|b SNK
|y PREZ
|7 0
|p 17A0066843
|o snkSC 93088
|i snkKSP 4875/97
|0 0
|1 0
|4 0
|d 1997-05-16
|l 0
|r 2025-09-11 00:00:00
|w 2026-02-23
|
| 952 |
|
|
|t P60, <04>, [BOOK], {604}
|a SNK
|b SNK
|y VYP
|7 0
|p 17A0066842
|o snkSC 93088 D1
|i snkKSP 4876/97
|0 0
|1 0
|4 0
|d 1997-05-16
|l 0
|r 2005-01-02 00:00:00
|w 2026-02-23
|